000
00299nam a22001337a 4500
008
170126b xxu||||| |||| 00| 0 eng d
020
_a
9780815175018
041
_a
eng
080
_2
4TH
_a
618.2
100
_a
2
101
_a
SHM
245
_a
MANUAL OF EMERGENCY CARE
_c
SHEEHY, S.B
942
_2
udc
_c
BK
999
_c
3819
_d
3819